000 01158nam a2200217 a 4500
008 090709s2008 ||||||||||||||||| || u
020 _a9780073530222
050 _aHD 31 Jon
100 _aJones, Gareth R
245 1 0 _aContemporary management. (5th ed.)
_cGareth R. Jones and Jennifer M. George
250 _a5th ed.
260 _aNewYork:
_bMcGraw-Hill/Irwin
_c2008
300 _axxxiii, 805p.: ill.
350 _a0.00
650 0 _aMANAGEMENT
700 _aGeorge, Jennifer M
995 _aMAIN LIBRARY OPEN ACCESS
_D0.00
_e740284
_FCBU-MAIN LIBRARY (Kitwe)
_H1
_I0.00
_jHD 31 JON
_M4
_UAVAILABLE
_WAug 26, 2009
_y740284
_ZMain Library Open Access Collection
995 _aBINDERY (DAMAGED)
_D0.00
_e740283
_FCBU-MAIN LIBRARY (Kitwe)
_H1
_I0.00
_jHD 31 JON
_M3
_UDAMAGED
_WAug 26, 2009
_y740283
_ZMain Library Open Access Collection
995 _aBINDERY (DAMAGED)
_D0.00
_e740282
_FCBU-MAIN LIBRARY (Kitwe)
_H1
_I0.00
_jHD 31 JON
_M2
_UDAMAGED
_WAug 26, 2009
_y740282
_ZMain Library Open Access Collection
995 _aMAIN LIBRARY OPEN ACCESS
_D0.00
_e740281
_FCBU-MAIN LIBRARY (Kitwe)
_H1
_I0.00
_jHD 31 JON
_M1
_UAVAILABLE
_WAug 26, 2009
_y740281
_ZMain Library Open Access Collection
999 _c79823
_d79823